Devine le joueur de football selon ses clubs #10 - Statistiques

Statistiques générales
  • Ce quiz a été pris 426 fois
  • Le résultat moyen est 5 sur 6
Statistiques - réponses
1er club 2ème club 3ème club 4ème club 5ème club 6ème club Joueurs % Correct
Al Mokawloon FC Bâle Chelsea FC ACF Fiorentina AS Roma Liverpool FC Mohamed Salah
93%
Bochum II FC Nuremberg Dortmund Manchester City FC Barcelone Manchester City Ilkay Gundogan
88%
AS Monaco Juventus Arsenal FC FC Barcelone RB New York Arsenal FC (prêt) Thierry Henry
85%
RE Virton Club Bruges PSG Dortmund Trabzonspor Lille Thomas Meunier
75%
Tottenham Hostpur Leyton Orient (prêt) Millwall FC (prêt) Norwich City (prêt) Leicester City (prêt) Bayern Munich Harry Kane
67%
Chariton Athletic Everton FC Leipzig Fulham FC Leicester City Atalanta Bergame Ademola Lookman
46%
Aucun quiz correspondant
Distribution des résultats
% des personnes avec chaque résultat
Percentile par nombre de réponses
Votre historique - résultats
Vous n’avez pas pris ce quiz